000 01017nam a22002774aa4500
003 BOFEUTO
005 20260512140437.0
008 t2025 bo gr 000 f spa d
040 _6BOFEUTO
_aBOFEUTO
_cBOFEUTO
041 _aspa
044 _abo
082 _aTE6291
_bF953
100 _aFuentes Pillco, Víctor Alvaro
_eautor
245 _aEstrategias de marketing digital para mejorar las ventas de la Empresa Casa Mora de la ciudad de Oruro.
_cVíctor Alvaro Fuentes Pillco
260 _aOruro :
_bs/n ;
_c2025 .
300 _a172 hojas :
_bgráf, ilus. ;
_c28.5 cm .
500 _aIncluye bibliografía, anexos.
502 _aTesis Dirigida, (Licenciatura) -- Universidad Técnica de Oruro, Facultad de Ciencias Económicas, Financieras y Administrativas, Carrera Administración de Empresas, 2025.
650 _aMarketing Digital
653 _aMercado
653 _aInvestigación
653 _aObjetivo
653 _aHerramientas
700 _aChpque Garcia, César
_etutor
942 _2ddc
_cTE
_n0
999 _c16142
_d16142